Living without walls: mission in the rupture
| Autor principal: | |
|---|---|
| Tipo de documento: | Print Artigo |
| Idioma: | Inglês |
| Verificar disponibilidade: | HBZ Gateway |
| Interlibrary Loan: | Interlibrary Loan for the Fachinformationsdienste (Specialized Information Services in Germany) |
| Publicado em: |
2002
|
| Em: |
Reformed world
Ano: 2002, Volume: 52, Número: 2, Páginas: 94-104 |
| (Cadeias de) Palavra- chave padrão: | B
Wales
/ Missão
/ Evangelização
/ Igreja reformada
|
| Classificações IxTheo: | KBF Ilhas Britânicas KDD Igreja evangélica RH Evangelização RJ Missão |
MARC
| LEADER | 00000caa a22000002c 4500 | ||
|---|---|---|---|
| 001 | 1645000028 | ||
| 003 | DE-627 | ||
| 005 | 20220616121212.0 | ||
| 007 | tu | ||
| 008 | 160405s2002 xx ||||| 00| ||eng c | ||
| 035 | |a (DE-627)1645000028 | ||
| 035 | |a (DE-576)466125577 | ||
| 035 | |a (DE-599)BSZ466125577 | ||
| 040 | |a DE-627 |b ger |c DE-627 |e rakwb | ||
| 041 | |a eng | ||
| 084 | |a 1 |2 ssgn | ||
| 100 | 1 | |0 (DE-588)122369661 |0 (DE-627)705881636 |0 (DE-576)183412222 |4 aut |a Cruchley-Jones, Peter | |
| 109 | |a Cruchley-Jones, Peter |a Jones, Peter Cruchley- | ||
| 245 | 1 | 0 | |a Living without walls |b mission in the rupture |
| 264 | 1 | |c 2002 | |
| 336 | |a Text |b txt |2 rdacontent | ||
| 337 | |a ohne Hilfsmittel zu benutzen |b n |2 rdamedia | ||
| 338 | |a Band |b nc |2 rdacarrier | ||
| 652 | |a KBF:KDD:RH:RJ | ||
| 689 | 0 | 0 | |d g |0 (DE-588)4064435-2 |0 (DE-627)106123629 |0 (DE-576)209153431 |2 gnd |a Wales |
| 689 | 0 | 1 | |d s |0 (DE-588)4039567-4 |0 (DE-627)106227602 |0 (DE-576)20903551X |2 gnd |a Mission |
| 689 | 0 | 2 | |d s |0 (DE-588)4015812-3 |0 (DE-627)10477486X |0 (DE-576)208913610 |2 gnd |a Evangelisation |
| 689 | 0 | 3 | |d s |0 (DE-588)4048954-1 |0 (DE-627)10618900X |0 (DE-576)209079878 |2 gnd |a Reformierte Kirche |
| 689 | 0 | |5 (DE-627) | |
| 773 | 0 | 8 | |i In |t Reformed world |d Geneva : World Communion of Reformed Churches, 1970 |g 52(2002), 2, Seite 94-104 |w (DE-627)166758434 |w (DE-600)302203-1 |w (DE-576)015195597 |x 0034-3056 |7 nnas |
| 773 | 1 | 8 | |g volume:52 |g year:2002 |g number:2 |g pages:94-104 |
| 935 | |a mteo | ||
| 951 | |a AR | ||
| ELC | |b 1 | ||
| ITA | |a 1 |t 1 | ||
| LOK | |0 000 xxxxxcx a22 zn 4500 | ||
| LOK | |0 001 3312465001 | ||
| LOK | |0 003 DE-627 | ||
| LOK | |0 004 1645000028 | ||
| LOK | |0 005 20160405140843 | ||
| LOK | |0 008 160404||||||||||||||||ger||||||| | ||
| LOK | |0 040 |a DE-Tue135 |c DE-627 |d DE-Tue135 | ||
| LOK | |0 092 |o n | ||
| LOK | |0 852 |a DE-Tue135 | ||
| LOK | |0 852 1 |9 00 | ||
| LOK | |0 935 |a ixzs |a ixmi | ||
| LOK | |0 936ln |0 1442044888 |a KBF | ||
| LOK | |0 936ln |0 1442053240 |a RJ | ||
| LOK | |0 936ln |0 1442053224 |a RH | ||
| LOK | |0 936ln |0 1442050047 |a KDD | ||
| LOK | |0 939 |a 04-04-16 |b l01 | ||
| ORI | |a SA-MARC-ixtheoa001.raw | ||
| STA | 0 | 0 | |a Evangelization,Evangelizing,Re-christianizing,New evangelization,Mission (international law,Mission,Mission,Christianity,World mission,Reformed Church |
| STB | 0 | 0 | |a Mission,Mission,Mission,Église réformée,Évangélisation |
| STC | 0 | 0 | |a Evangelización,Iglesia reformada,Misión,Misión,Misión |
| STD | 0 | 0 | |a Chiesa riformata,Evangelizzazione,Missione,Missione,Missione |
| STE | 0 | 0 | |a 宣教,宣教,传教,宣教使命,传教,宣教使命,改革宗,加尔文宗,归正宗,福偣传播,传福音 |
| STF | 0 | 0 | |a 宣教,宣教,傳教,宣教使命,傳教,宣教使命,改革宗,加爾文宗,歸正宗,福偣傳播,傳福音 |
| STG | 0 | 0 | |a Evangelização,Igreja reformada,Missão,Missão,Missão |
| STH | 0 | 0 | |a Евангелизация,Миссия (международное право),Миссия (мотив),Миссия,Реформированная церковь |
| STI | 0 | 0 | |a Αποστολή (Διεθνές δίκαιο),Ιεραποστολή (μοτίβο),Ιεραποστολή,Κήρυγμα του Ευαγγελίου,Μεταρρυθμισμένη Εκκλησία |
| SYG | 0 | 0 | |a Wales,Cymru , Diplomatische Mission,Christentum,Christliche Mission,Heidenmission,Weltmission,Missionierung , Evangelisierung,Neuevangelisierung,Rechristianisierung , Evangelisch-Reformierte Kirche |